| 000 | 00694 a2200193 4500 | ||
|---|---|---|---|
| 020 | _a9810234945 | ||
| 020 | _a9810234945 | ||
| 090 |
_c1446 _d1446 |
||
| 100 | 1 | _aChern, Shiing-Shen. | |
| 245 | 1 | 0 |
_aLectures on differential geometry / _cShiing-Shen Chern, W. H. Chen, K. S. Lam. |
| 260 |
_a[S.l.] : _bWorld Scientific Publishing Company, _c1999. |
||
| 300 |
_a356 p. ; _c22 cm. |
||
| 490 | 1 | _aSeries on university mathematics. | |
| 700 | 1 | _aChen, W. H. | |
| 700 | 1 | _aLam, K. S. | |
| 830 | 0 | _aSeries on university mathematics. | |
| 942 |
_aSNS _cBK _k516.36 CHE |
||
| 999 |
_c30057 _d30057 |
||